| 000 | 00703nam a2200265Ia 4500 | ||
|---|---|---|---|
| 008 | 160319s9999 xx 000 0 und d | ||
| 020 | _a0-439135265 | ||
| 050 | _aFic | ||
| 050 | _b.B912b 2001 | ||
| 100 | _aBruss, Deborah | ||
| 245 | _aBook! book! book! / | ||
| 245 | _c by Deborah Bruss ; illustrated by Tiphanie Beeke. | ||
| 260 | _aNew York : | ||
| 260 | _bScholastic Inc. | ||
| 260 | _c2001 | ||
| 300 | _a 1 volume (unpaged) : | ||
| 300 | _bcolor illustrations ; | ||
| 300 | _c26 cm | ||
| 650 | _aAnimal sounds -- | ||
| 650 | _aDomestic animals -- | ||
| 650 | _aLibraries -- | ||
| 650 | _xJuvenile fiction. | ||
| 650 | _xJuvenile fiction. | ||
| 650 | _xJuvenile fiction. | ||
| 999 |
_c292040 _d292040 |
||